| 000 | 00746nam a2200229 a 4500 | ||
|---|---|---|---|
| 001 | BRCA_4615 | ||
| 005 | 20190320204734.0 | ||
| 008 | 270910s1937----nyua######---#000-0#eng-# | ||
| 041 | _aeng | ||
| 044 | _anyu | ||
| 050 | 4 |
_aNK8812 _b.W35 1937 |
|
| 100 | 1 |
_aWalton, Perry _d1865-1944 _911682 |
|
| 245 | 1 | 0 |
_aThe Story of Textiles _bA bird´s-eye view of the history of the beginning and the growth of the industry by which mankind is clothed _cby Perry Walton. |
| 250 | _a3 | ||
| 260 |
_aNueva York _bTudor _c1937 |
||
| 300 |
_a274 p. _bil. _c24 cm. |
||
| 500 | _aIncluye índice de ilustraciones, índice analítico y fe de erratas | ||
| 500 | _aD31 | ||
| 650 | 1 | 4 |
_aTextiles _xHistoria _zEstados Unidos _911683 |
| 902 | _aGFM | ||
| 942 |
_2lcc _cB |
||
| 999 |
_c4320 _d4320 |
||